[Event "EU-ch Hybrid U12 Girls"]
[Site "Tornelo INT"]
[Date "2021.10.15"]
[Round "2"]
[White "Keskinler, Ela"]
[Black "Roehrer, Sonja"]
[Result "1-0"]
[WhiteElo "1363"]
[BlackElo "1066"]
[PlyCount "53"]
[EventDate "2021.10.15"]
[EventType "swiss"]
[EventRounds "9"]
[EventCountry "NET"]
[SourceTitle "EXT 2023"]
[Source "ChessBase"]
[SourceDate "2022.10.05"]
[SourceVersion "1"]
[SourceVersionDate "2022.10.05"]
[SourceQuality "1"]
[WhiteTeam "Turkey"]
[BlackTeam "Austria"]
[WhiteTeamCountry "TUR"]
[BlackTeamCountry "AUT"]

1. e4 e5 2. Nf3 Nc6 3. Nc3 Nf6 4. Be2 Bb4 5. Nd5 Ba5 6. Bd3 0-0 7. c3 d6 8. h3 Nxd5 9. exd5 Ne7 10. Qa4 Bb6 11. Ng5 Ng6 12. h4 h6 13. Bxg6 fxg6 14. Ne4 Bf5 15. f3 Bxe4 16. Qxe4 g5 17. d3 gxh4 18. Rxh4 Qf6 19. Bd2 Qf5 20. 0-0-0 Qf6 21. Rdh1 Qf5 22. Rg4 Kh7 23. Qe1 Rf6 24. Qg3 Kg8 25. Rxg7+ Kh8 26. Bxh6 Rg6 27. Rxg6 1-0

[Event "AUT-ch U10 Girls Online Rapid"]
[Site "Playchess.com INT"]
[Date "2020.12.13"]
[Round "7"]
[White "Roehrer, Sonja"]
[Black "Antenreiter, Jana"]
[Result "1-0"]
[WhiteElo "1782"]
[BlackElo "1246"]
[PlyCount "49"]
[EventDate "2020.12.13"]
[EventType "swiss (rapid)"]
[EventRounds "7"]
[EventCountry "AUT"]
[SourceTitle "EXT 2022"]
[Source "ChessBase"]
[SourceDate "2021.10.06"]
[SourceVersion "1"]
[SourceVersionDate "2021.10.06"]
[SourceQuality "1"]

1. e4 e5 2. Nf3 Nc6 3. Bc4 Nf6 4. Ng5 h6 5. Nxf7 Qe7 6. Nxh8 d6 7. Ng6 Qd8 8. Nc3 Bg4 9. Be2 Qd7 10. Nd5 0-0-0 11. Nxf6 Qe6 12. Bxg4 Qxg4 13. Qxg4+ Kb8 14. Nd7+ Kc8 15. Ndxf8+ Kb8 16. Ne6 Kc8 17. Nxg7+ Kb8 18. Nf5 d5 19. exd5 Rxd5 20. Nge7 Rd8 21. Nxc6+ bxc6 22. Qb4+ Kc8 23. Qc5 Rd5 24. Qxc6 Rd7 25. Qa8# 1-0

[Event "AUT-ch U10 Girls Online Rapid"]
[Site "Playchess.com INT"]
[Date "2020.12.13"]
[Round "1"]
[White "Roehrer, Sonja"]
[Black "Wiedner, Leticia"]
[Result "1-0"]
[WhiteElo "1825"]
[BlackElo "1283"]
[PlyCount "77"]
[EventDate "2020.12.13"]
[EventType "swiss (rapid)"]
[EventRounds "7"]
[EventCountry "AUT"]
[SourceTitle "EXT 2022"]
[Source "ChessBase"]
[SourceDate "2021.10.06"]
[SourceVersion "1"]
[SourceVersionDate "2021.10.06"]
[SourceQuality "1"]

1. e4 e5 2. Nf3 Nc6 3. Bc4 Bc5 4. c3 Nf6 5. d4 Bd6 6. 0-0 0-0 7. Bg5 Be7 8. Nxe5 Nxe5 9. dxe5 Nxe4 10. Bxe7 Qxe7 11. Qd4 Ng5 12. Re1 b6 13. Nd2 Bb7 14. Ne4 Ne6 15. Bxe6 Qxe6 16. b3 d5 17. Ng5 Qg6 18. Nf3 c5 19. Qf4 d4 20. cxd4 cxd4 21. Rad1 Rad8 22. Nh4 Qh5 23. Qg3 Qh6 24. Nf5 g6 25. Nxh6+ Kg7 26. Nf5+ Kg8 27. Nxd4 Rfe8 28. h3 Rd7 29. Rd3 Ba8 30. e6 Rdd8 31. exf7+ Kxf7 32. Rxe8 Kxe8 33. Qe5+ Kf8 34. Ne6+ Ke7 35. Rxd8 g5 36. Qd6+ Kf7 37. Nxg5+ Kg7 38. Rd7+ Kg8 39. Qb8# 1-0

[Event "AUT-ch U10 Girls Online Blitz"]
[Site "Playchess.com INT"]
[Date "2020.12.11"]
[Round "1"]
[White "Roehrer, Sonja"]
[Black "Wiedner, Leticia"]
[Result "1-0"]
[WhiteElo "1586"]
[BlackElo "1700"]
[PlyCount "75"]
[EventDate "2020.12.11"]
[EventType "swiss (blitz)"]
[EventRounds "7"]
[EventCountry "AUT"]
[SourceTitle "EXT 2022"]
[Source "ChessBase"]
[SourceDate "2021.10.06"]
[SourceVersion "1"]
[SourceVersionDate "2021.10.06"]
[SourceQuality "1"]

1. e4 e5 2. Nf3 Nf6 3. Nc3 Nc6 4. Bb5 Bc5 5. d3 0-0 6. Bg5 d6 7. Nd5 a6 8. Bxf6 axb5 9. Bxd8 Nd4 10. Bg5 Bg4 11. h3 Be6 12. 0-0 c6 13. Nxd4 Bxd4 14. c3 Bc5 15. Ne3 Bb6 16. d4 c5 17. dxe5 dxe5 18. Qe2 Rfd8 19. b3 Rd7 20. Rad1 Rc7 21. Rd2 Rcc8 22. Rfd1 Rab8 23. c4 bxc4 24. Nxc4 Bc7 25. Qe3 Ra8 26. Qf3 Rab8 27. Be3 Ra8 28. Bxc5 Rab8 29. Nb6 Rf8 30. Bxf8 Rxf8 31. Nd7 Re8 32. Qg3 b5 33. Nf6+ Kf8 34. Nxe8 Kxe8 35. Qxg7 Ke7 36. Qg5+ Ke8 37. Rd8+ Bxd8 38. Rxd8# 1-0

[Event "EU Union-ch U10 17th"]
[Site "Mureck"]
[Date "2019.08.01"]
[Round "2"]
[White "Stan, Luca Alexandru"]
[Black "Roehrer, Sonja"]
[Result "1-0"]
[WhiteElo "1171"]
[BlackElo "1212"]
[PlyCount "129"]
[EventDate "2019.07.31"]
[EventType "swiss"]
[EventRounds "9"]
[EventCountry "AUT"]
[SourceTitle "EXT 2020"]
[Source "ChessBase"]
[SourceDate "2019.10.17"]
[SourceVersion "1"]
[SourceVersionDate "2019.10.17"]
[SourceQuality "1"]

1. e4 e5 2. Nf3 Nc6 3. d4 exd4 4. Nxd4 g6 5. Nxc6 bxc6 6. Qd4 Nf6 7. Bg5 Bg7 8. e5 Qe7 9. Be2 c5 10. Qc3 Nd5 11. Bxe7 Nxc3 12. Nxc3 Kxe7 13. f4 Bb7 14. Bf3 Bxf3 15. gxf3 d6 16. Nd5+ Kd7 17. 0-0-0 c6 18. Nc3 d5 19. Ne4 c4 20. Nc5+ Ke7 21. Rhe1 Rhe8 22. e6 Kf8 23. Nd7+ Ke7 24. exf7+ Kxf7 25. c3 Rxe1 26. Rxe1 Re8 27. Rxe8 Kxe8 28. Nb8 Bh6 29. Nxc6 Bxf4+ 30. Kc2 Bxh2 31. Nxa7 Bb8 32. Nc6 h5 33. Kd2 Bd6 34. a4 Kd7 35. Nd4 h4 36. Ke2 Bc5 37. Kf2 g5 38. Kg2 Ke7 39. Kh3 Kf6 40. Kg4 Kg6 41. Ne6 Be3 42. f4 gxf4 43. Nxf4+ Kf6 44. Nxd5+ Ke6 45. Nxe3 Kd6 46. Nxc4+ Kc5 47. b3 Kc6 48. Kxh4 Kc5 49. Kg4 Kd5 50. Kf4 Kc5 51. a5 Kb5 52. Ke4 Kc5 53. b4+ Kb5 54. Kd5 Ka6 55. Kc6 Ka7 56. b5 Kb8 57. a6 Ka7 58. Kc7 Ka8 59. Nb6+ Ka7 60. Nc8+ Ka8 61. Nd6 Ka7 62. b6+ Ka8 63. b7+ Ka7 64. b8Q+ Kxa6 65. Qb6# 1-0

[Event "EU Union-ch U10 17th"]
[Site "Mureck"]
[Date "2019.07.31"]
[Round "1"]
[White "Roehrer, Sonja"]
[Black "Vucenovic, Diara"]
[Result "1-0"]
[WhiteElo "1212"]
[BlackElo "1132"]
[PlyCount "105"]
[EventDate "2019.07.31"]
[EventType "swiss"]
[EventRounds "9"]
[EventCountry "AUT"]
[SourceTitle "EXT 2020"]
[Source "ChessBase"]
[SourceDate "2019.10.17"]
[SourceVersion "1"]
[SourceVersionDate "2019.10.17"]
[SourceQuality "1"]

1. e4 e5 2. Nf3 Nc6 3. Bc4 Bc5 4. Nc3 Nf6 5. d3 d6 6. Be3 Bg4 7. h3 Bh5 8. g4 Bg6 9. Qd2 Ne7 10. 0-0-0 c6 11. Rhe1 d5 12. Bxc5 dxc4 13. dxc4 Qxd2+ 14. Rxd2 Nd7 15. Bxe7 Kxe7 16. Red1 Rad8 17. b4 f6 18. Rd3 c5 19. a3 cxb4 20. axb4 b6 21. Kb2 a5 22. Kb3 h5 23. Nh4 Bf7 24. Nf5+ Ke6 25. Nxg7+ Ke7 26. Nf5+ Ke8 27. Nd6+ Kf8 28. Nxf7 Kxf7 29. Rxd7+ Rxd7 30. Rxd7+ Ke6 31. Rd1 hxg4 32. hxg4 Rh3 33. bxa5 bxa5 34. Kb2 Rh2 35. f3 Rf2 36. Rd3 Rh2 37. c5 Rh8 38. Rd6+ Kf7 39. Ra6 Rb8+ 40. Ka3 Ke7 41. Rxa5 Kd7 42. Ra4 Kc6 43. Rc4 Ra8+ 44. Ra4 Rb8 45. Ra5 Rh8 46. Ra6+ Kxc5 47. Rxf6 Kc4 48. Rc6+ Kd4 49. Nd5 Rh3 50. Rf6 Rh2 51. Kb3 Rh4 52. Rc6 Rxg4 53. Rc4# 1-0

[Event "AUT-ch U10 Girls"]
[Site "St Kanzian"]
[Date "2019.06.23"]
[Round "7"]
[White "Roehrer, Sonja"]
[Black "Huber, Elisa"]
[Result "1-0"]
[WhiteElo "952"]
[BlackElo "840"]
[PlyCount "49"]
[EventDate "2019.06.21"]
[EventType "swiss"]
[EventRounds "7"]
[EventCountry "AUT"]
[SourceTitle "CBM 191 Extra"]
[Source "ChessBase"]
[SourceDate "2019.09.30"]
[SourceVersion "1"]
[SourceVersionDate "2019.09.30"]
[SourceQuality "1"]

1. e4 g6 2. d4 Bg7 3. Nf3 d6 4. Nc3 Bg4 5. Be2 Nd7 6. 0-0 e5 7. Be3 Ne7 8. h3 Bxf3 9. Bxf3 0-0 10. Re1 f5 11. exf5 Rxf5 12. dxe5 Nxe5 13. Be4 Rf6 14. Bg5 Rf8 15. Bd5+ Kh8 16. f4 Nd7 17. Bxe7 Qe8 18. Bxf8 Qxf8 19. Qg4 Nc5 20. Rab1 c6 21. Bf3 h5 22. Qxg6 h4 23. Qh5+ Kg8 24. Qxh4 Bd4+ 25. Kf1 1-0

[Event "AUT-ch U10 Girls"]
[Site "St Kanzian"]
[Date "2019.06.21"]
[Round "1"]
[White "Roehrer, Sonja"]
[Black "Ramirez Gaviria, Maya"]
[Result "1-0"]
[WhiteElo "952"]
[BlackElo "800"]
[PlyCount "49"]
[EventDate "2019.06.21"]
[EventType "swiss"]
[EventRounds "7"]
[EventCountry "AUT"]
[SourceTitle "CBM 191 Extra"]
[Source "ChessBase"]
[SourceDate "2019.09.30"]
[SourceVersion "1"]
[SourceVersionDate "2019.09.30"]
[SourceQuality "1"]

1. e4 e5 2. Nf3 Nc6 3. Bc4 Bc5 4. Nc3 Nf6 5. d3 d6 6. Be3 Bb6 7. Qd2 Bg4 8. 0-0-0 Ba5 9. h3 Nd4 10. hxg4 Nxf3 11. gxf3 c6 12. d4 d5 13. exd5 Nxd5 14. Bxd5 cxd5 15. dxe5 b5 16. Qxd5 Qxd5 17. Nxd5 Rd8 18. Bxa7 0-0 19. Rh2 Rfe8 20. f4 Rd7 21. Be3 Red8 22. Nc3 Bxc3 23. Rxd7 Rxd7 24. bxc3 Ra7 25. Bxa7 1-0

[Event "AUT-ch U12 Girls"]
[Site "St Veit"]
[Date "2019.06.09"]
[Round "3.2"]
[White "Vu Tran, Tue Anh"]
[Black "Roehrer, Sonja"]
[Result "1-0"]
[WhiteElo "1339"]
[BlackElo "952"]
[PlyCount "121"]
[EventDate "2019.06.08"]
[EventType "swiss"]
[EventRounds "7"]
[EventCountry "AUT"]
[SourceTitle "EXT 2024"]
[Source "ChessBase"]
[SourceDate "2023.10.10"]
[SourceVersion "1"]
[SourceVersionDate "2023.10.10"]
[SourceQuality "1"]

1. d4 d5 2. c4 e6 3. Nc3 Nf6 4. g3 b6 5. Bg2 Bb7 6. Nf3 Nc6 7. 0-0 Bd6 8. e4 Nxe4 9. Nxe4 dxe4 10. Ng5 Be7 11. Nxe4 Nxd4 12. Qg4 g6 13. Nf6+ Bxf6 14. Bxb7 Rb8 15. Bg2 0-0 16. Rd1 Qd7 17. Bh6 Rfd8 18. Rd2 e5 19. Qxd7 Rxd7 20. Rad1 Rbd8 21. Kf1 Bg7 22. Bg5 f6 23. Be3 c5 24. f4 Bf8 25. fxe5 fxe5 26. Bd5+ Kg7 27. Kg2 b5 28. b3 Nf5 29. Kf3 Nxe3 30. Kxe3 Be7 31. Ke4 Bg5 32. Rd3 bxc4 33. Bxc4 Rxd3 34. Rxd3 Rxd3 35. Bxd3 Kf6 36. a4 a5 37. Kd5 Be3 38. Kc4 Ke6 39. Kb5 Kd5 40. Kxa5 e4 41. Bc4+ Kd4 42. Kb6 Bd2 43. a5 Bxa5+ 44. Kxa5 e3 45. Kb5 h6 46. Kc6 g5 47. Kd6 h5 48. Be2 h4 49. gxh4 gxh4 50. h3 Kc3 51. Kxc5 Kd2 52. Bg4 e2 53. Bxe2 Kxe2 54. b4 Kf2 55. b5 Kg3 56. b6 Kxh3 57. b7 Kg2 58. b8Q h3 59. Qb2+ Kh1 60. Qf2 h2 61. Qf1# 1-0

[Event "AUT-ch U12 Girls"]
[Site "St Veit"]
[Date "2019.06.08"]
[Round "2.4"]
[White "Giselbrecht, Leefke"]
[Black "Roehrer, Sonja"]
[Result "0-1"]
[WhiteElo "985"]
[BlackElo "952"]
[PlyCount "94"]
[EventDate "2019.06.08"]
[EventType "swiss"]
[EventRounds "7"]
[EventCountry "AUT"]
[SourceTitle "EXT 2024"]
[Source "ChessBase"]
[SourceDate "2023.10.10"]
[SourceVersion "1"]
[SourceVersionDate "2023.10.10"]
[SourceQuality "1"]

1. e4 e5 2. Nf3 Nc6 3. Bc4 Bc5 4. d3 Nf6 5. 0-0 h6 6. Nc3 d6 7. Be3 Bd4 8. h3 Be6 9. Bb5 Bxc3 10. bxc3 0-0 11. Ba4 d5 12. exd5 Bxd5 13. Bxc6 Bxc6 14. Nxe5 Qd5 15. Nxc6 Qxc6 16. c4 Rfe8 17. Qd2 a6 18. Rfe1 Rad8 19. Rad1 Qa4 20. Rb1 b6 21. Bf4 Qc6 22. Re3 Rxe3 23. Bxe3 Qa4 24. Re1 Qxa2 25. Bf4 c5 26. Re3 Qa1+ 27. Kh2 Qd4 28. Rg3 g5 29. h4 Nh5 30. hxg5 Nxg3 31. Bxg3 Qh8 32. gxh6 Kf8 33. Qg5 Rd7 34. Bc7 f6 35. Qf4 Rd4 36. Bd6+ Kf7 37. Qe3 Rxd6 38. Kg1 Re6 39. Qd2 f5 40. f3 Rxh6 41. Qxh6 Qxh6 42. c3 Qe3+ 43. Kf1 Qxd3+ 44. Kf2 Qxc4 45. g3 Qxc3 46. g4 fxg4 47. fxg4 b5 0-1

[Event "AUT-ch U08 Girls"]
[Site "St Kanzian"]
[Date "2018.06.03"]
[Round "7.2"]
[White "Klopf, Sarah"]
[Black "Roehrer, Sonja"]
[Result "1-0"]
[WhiteElo "800"]
[BlackElo "800"]
[PlyCount "55"]
[EventDate "2018.06.01"]
[EventType "swiss"]
[EventRounds "7"]
[EventCountry "AUT"]
[SourceTitle "EXT 2024"]
[Source "ChessBase"]
[SourceDate "2023.10.10"]
[SourceVersion "1"]
[SourceVersionDate "2023.10.10"]
[SourceQuality "1"]

1. e4 e5 2. Nf3 Nc6 3. Bc4 Nf6 4. Nc3 Bc5 5. d3 d6 6. Bg5 Be6 7. Nd5 Bxd5 8. Bxd5 0-0 9. Bxf6 Qxf6 10. h4 Rae8 11. Qd2 Bb4 12. c3 Bc5 13. 0-0-0 g6 14. h5 gxh5 15. Rxh5 Qg6 16. Rdh1 Qxg2 17. Ne1 Bxf2 18. Nxg2 Ne7 19. Qxf2 c6 20. Rg5+ Kh8 21. Bb3 f6 22. Rgh5 d5 23. exd5 cxd5 24. Qxa7 Rg8 25. Ne1 Rb8 26. d4 Nc6 27. Qb6 Rgc8 28. Bxd5 1-0